| Tag |
First Indicator |
Second Indicator |
Subfields |
| LEADER |
00000cas a2200000 i 4500 |
| 001 |
in00003429421 |
| 005 |
20211120171644.0 |
| 006 |
m o d |
| 007 |
cr ||||||||||| |
| 008 |
131227d20112011dcu|| p o f| 0eng c |
| 010 |
|
|
|a 2013231018
|
| 035 |
|
|
|a (OCoLC)ocn866848153
|
| 037 |
|
|
|b Office of the Comptroller of the Currency, 400 7th Street SW, Suite 3E-218, Washington, D.C. 20219
|
| 040 |
|
|
|a GPO
|b eng
|e rda
|e pn
|c GPO
|d MvI
|d UtOrBLW
|
| 042 |
|
|
|a pcc
|
| 043 |
|
|
|a n-us-oh
|
| 049 |
|
|
|a WWW
|
| 074 |
|
|
|a 0596-A-08 (online)
|
| 086 |
0 |
|
|a T 71.25/3:
|
| 110 |
1 |
|
|a United States.
|b Office of the Comptroller of the Currency,
|e author.
|
| 245 |
1 |
0 |
|a Interest rate risk exposure report.
|p Area: Southeast.
|
| 246 |
1 |
|
|i Title from web site:
|a Aggregate IRR exposure and CMR reports
|
| 264 |
|
1 |
|a Washington, D.C. :
|b Office of the Comptroller of the Currency,
|c 2011.
|
| 300 |
|
|
|a 1 online resource (3 volumes) :
|b illustrations
|
| 310 |
|
|
|a Quarterly
|
| 336 |
|
|
|a text
|b txt
|2 rdacontent
|
| 337 |
|
|
|a computer
|b c
|2 rdamedia
|
| 338 |
|
|
|a online resource
|b cr
|2 rdacarrier
|
| 362 |
1 |
|
|a Began with June 2011; ceased with Dec. 2011.
|
| 588 |
|
|
|a Description based on June 2011; title from title screen (viewed Dec. 24, 2013).
|
| 588 |
|
|
|a Latest issue consulted: December 2011 (viewed on Dec. 24, 2013).
|
| 650 |
|
0 |
|a Interest rate risk
|z United States
|v Periodicals.
|
| 650 |
|
0 |
|a Thrift institutions
|z United States
|v Periodicals.
|
| 780 |
0 |
0 |
|a United States. Office of Thrift Supervision. Risk Management Division.
|t Interest rate risk exposure report. Area: Southeast region
|w (DLC) 2008230854
|w (OCoLC)262615111
|
| 856 |
4 |
0 |
|u https://purl.fdlp.gov/GPO/gpo44767
|t 0
|
| 999 |
|
|
|a MARS
|
| 999 |
f |
f |
|s f08b5d5f-e4be-3a7b-9a90-93227c177e14
|i f3fe1271-0eaf-3ff2-93e7-c8fd220f0ff9
|t 0
|
| 952 |
f |
f |
|a Texas A&M University
|b College Station
|c Electronic Resources
|d Available Online
|t 0
|e T 71.25/3:
|h Superintendent of Documents classification
|
| 998 |
f |
f |
|a T 71.25/3:
|t 0
|l Available Online
|